Nostalgia del más allá / (Record no. 190440)

MARC details
000 -LEADER
campo de control de longitud fija 00711nam a2200217 c 4500
001 - NÚMERO DE CONTROL
campo de control 190440
003 - IDENTIFICADOR DE NÚMERO DE CONTROL
campo de control ES-MaACL
005 - FECHA Y HORA DE LA ÚLTIMA TRANSACCIÓN
campo de control 20260105063013.0
008 - DATOS DE LONGITUD FIJA--INFORMACIÓN GENERAL
campo de control de longitud fija 210330s2018 sp | |||| 001 0 spa
020 ## - NÚMERO INTERNACIONAL ESTÁNDAR DEL LIBRO
Número Internacional Estándar del Libro 978-84-7112-910-9
080 ## - NÚMERO DE LA CLASIFICACIÓN DECIMAL UNIVERSAL
Número de la Clasificación Decimal Universal 128
100 1# - ENTRADA PRINCIPAL--NOMBRE DE PERSONA
Nombre de persona Urra Portillo, Javier,
Fechas asociadas al nombre 1957-
9 (RLIN) 171142
245 10 - MENCIÓN DEL TÍTULO
Título Nostalgia del más allá /
Mención de responsabilidad, etc. Javier Urra ; prólogo de Javier Sierra.
264 #1 - PRODUCCIÓN, PUBLICACIÓN, DISTRIBUCIÓN, FABRICACIÓN Y COPYRIGHT
Producción, publicación, distribución, fabricación y copyright San Sebastián de los Reyes (Madrid) :
Nombre del de productor, editor, distribuidor, fabricante Morata,
Fecha de producción, publicación, distribución, fabricación o copyright [2018]
500 ## - NOTA GENERAL
Nota general Índice.
650 #7 - PUNTO DE ACCESO ADICIONAL DE MATERIA--TÉRMINO DE MATERIA
Término de materia o nombre geográfico como elemento de entrada Muerte
Fuente del encabezamiento o término embne
9 (RLIN) 15241
700 1# - ENTRADA AGREGADA--NOMBRE PERSONAL
Nombre de persona Sierra, Javier (
Fechas asociadas al nombre 1971-)
9 (RLIN) 147835
852 4# - LOCALIZACIÓN
Ubicación ES-MaACL
Número de control de estantería A-14641
itemnumber 197617
Sublocalización o colección R.152447
Ubicación en estantería Depósito 1
Signatura antigua Olim: N-7641
Donativo/Legado Donacion: Editorial
942 ## - ELEMENTOS DE ENTRADA SECUNDARIOS (KOHA)
Fuente del sistema de clasificación o colocación Clasificación decimal universal
Holdings
Estatus retirado Estado de pérdida Fuente del sistema de clasificación o colocación Estado de daño No para préstamo Biblioteca de origen Biblioteca actual Ubicación en estantería Fecha de adquisición Fuente de adquisición Total de préstamos Signatura topográfica completa Código de barras Visto por última vez Precio de reemplazo Tipo de ítem Koha
    Clasificación decimal universal     Biblioteca del Ateneo de Madrid Biblioteca del Ateneo de Madrid Depósito 1 30/03/2021 Donación   A-14641 1202463 23/02/2023 23/02/2023 Libro impreso